000 00322nam a22001337a 4500
005 20231107102835.0
008 231107b ||||| |||| 00| 0 eng d
040 _cAL
041 _aEnglish
082 _223
_a657.45
_bTANH
100 _aTandon B N
_9141020
245 _aHandbook of practical Auditiing
942 _2ddc
_cSG
999 _c229141
_d229141